Eastern Utah Libraries Catalog: Duchesne, Heber, Roosevelt, & Vernal

The obsession / (Record no. 208091)

MARC details
000 -LEADER
fixed length control field 01486cam a22003978i 4500
001 - CONTROL NUMBER
control field ocn913572934
003 - CONTROL NUMBER IDENTIFIER
control field OCoLC
005 - DATE AND TIME OF LATEST TRANSACTION
control field 20170807133530.0
008 - FIXED-LENGTH DATA ELEMENTS--GENERAL INFORMATION
fixed length control field 150706s2016 nyu 000 1 eng
010 ## - LIBRARY OF CONGRESS CONTROL NUMBER
LC control number 2015025894
020 ## - INTERNATIONAL STANDARD BOOK NUMBER
International Standard Book Number 9780349407760
020 ## - INTERNATIONAL STANDARD BOOK NUMBER
International Standard Book Number 9780399175169
020 ## - INTERNATIONAL STANDARD BOOK NUMBER
International Standard Book Number 0399175164
020 ## - INTERNATIONAL STANDARD BOOK NUMBER
International Standard Book Number 0349407762
035 ## - SYSTEM CONTROL NUMBER
System control number (OCoLC)913572934
Canceled/invalid control number (OCoLC)927397465
040 ## - CATALOGING SOURCE
Original cataloging agency DLC
Language of cataloging eng
Transcribing agency DLC
Modifying agency OCLCO
-- YDXCP
-- OCLCF
-- OCLCO
-- OCLCQ
-- GK8
-- OCLCO
-- ATNSH
-- QX9
-- FMA
-- OI6
042 ## - AUTHENTICATION CODE
Authentication code pcc
049 ## - LOCAL HOLDINGS (OCLC)
Holding library UOKA
050 00 - LIBRARY OF CONGRESS CALL NUMBER
Classification number PS3568.O243
Item number O25 2016
082 00 - DEWEY DECIMAL CLASSIFICATION NUMBER
Classification number 813/.54
Edition number 23
092 ## - LOCALLY ASSIGNED DEWEY CALL NUMBER (OCLC)
Classification number FIC ROBERTS 2016
999 ## - SYSTEM CONTROL NUMBERS (KOHA)
Koha Dewey Subclass [OBSOLETE] 03161365
100 1# - MAIN ENTRY--PERSONAL NAME
Personal name Roberts, Nora,
Relator term author.
9 (RLIN) 21076
245 14 - TITLE STATEMENT
Title The obsession /
Statement of responsibility, etc Nora Roberts.
250 ## - EDITION STATEMENT
Edition statement Berkley hardcover edition.
264 #1 - Publisher, distributor, etc.
Place of production, publication, distribution, manufacture New York :
Name of producer, publisher, distributor, manufacturer Berkley Books,
Date of production, publication, distribution, manufacture, or copyright notice 2016
300 ## - PHYSICAL DESCRIPTION
Extent 453 pages ;
Dimensions 24 cm
336 ## - CONTENT TYPE
Content type term text
337 ## - MEDIA TYPE
Media type term unmediated
338 ## - CARRIER TYPE
Carrier type term volume
520 ## - SUMMARY, ETC.
Summary, etc Years after discovering her father's predatory double life, successful photographer Naomi Bowes struggles to hide her painful past from her fellow residents in a community thousands of miles away, a situation that introduces her to a new relationship and forces her to confront her demons.
650 #0 - SUBJECT ADDED ENTRY--TOPICAL TERM
Topical term or geographic name as entry element Man-woman relationships
Form subdivision Fiction.
9 (RLIN) 5674079
650 #0 - SUBJECT ADDED ENTRY--TOPICAL TERM
Topical term or geographic name as entry element Fathers and daughters
Form subdivision Fiction.
9 (RLIN) 5673846
655 #7 - INDEX TERM--GENRE/FORM
Genre/form data or focus term Love stories.
Source of term gsafd
-- 102729
942 ## - ADDED ENTRY ELEMENTS (KOHA)
Source of classification or shelving scheme Dewey Decimal Classification
Item type BOOK
Holdings
Withdrawn status Lost status Source of classification or shelving scheme Damaged status Not for loan Collection code Home library Current library Shelving location Date acquired Source of acquisition Total Checkouts Total Renewals Full call number Barcode Date last seen Date last borrowed Cost, replacement price Price effective from Koha item type
    Dewey Decimal Classification     Fiction Wasatch County Library Wasatch County Library First Floor 06/15/2021 Donation 8 5 F Roberts 34301001873456 08/10/2024 07/09/2024 28.00 06/15/2021 BOOK
This project was made possible through a grant from the Institute of Museum and Library Service administered by the Utah State Library Division.

Wasatch County Library

  • 465 East 1200 South, Heber City, Utah 84032
  • Phone 435-654-1511 | Fax 435-654-6456

Hours

  • Monday - Friday 9:30 AM - 8:00 PM
  • Saturday 9:30 AM - 1:30 PM
  • Closed Sundays and Holidays